00515nam a2200169Ia 450000500170000000800410001708200130005824500260007125000080009726000710010530000130017665000180018970000220020794200060022995200950023599900150033020250408072517.0240331s9999 xx 000 0 und d bPERa100 0aPeriyar kalanchiyam-5 a2nd aChennaibPeriyar suyamariyaathaip prasaara niruvana veliyiduc1994 a318 p ., aPenurimai - 1 aVeramani,K. eedt cL 001040708LaWERCLbWERCLcSSCd2024-03-31l0o 100 PERp2167r2024-03-31w2024-03-31yL c1593d1593